Whom Did Jim Carrey Play? Quiz Stats

 Plays Quiz Updated Jul 20, 2017

Support Sporcle.
Go Orange.
Score 0/22 Timer 06:00
1 Play Today
Question Answer Wrong Answers
Who did Jim Carrey play in...
Dr. Seuss' How the Grinch Stole Christmas?
The Grinch
95.4%
Mayor Augustus May Who
0.3%
Max the Dog
0.3%
Lou Lou Who
0.3%
Who did Jim Carrey play in...
Ace Ventura: Pet Detective?
Ace Ventura
95%
Ray Finkle
0.5%
Emilio
0.3%
Dan Marino
0.4%
Who did Jim Carrey play in...
The Truman Show?
Truman Burbank
93.4%
Christof
0.6%
Louis Coltrane (Marlon)
0.7%
Walter Moore (Kirk Burbank)
1.4%
Who did Jim Carrey play in...
Fun with Dick and Jane?
Richard 'Dick' Harper
91.8%
Jack McCallister
1.7%
Frank Bascombe
1.1%
Billy Harper
1.3%
Who did Jim Carrey play in...
Bruce Almighty?
Bruce Nolan
88.9%
God
4%
Evan Baxter
3.3%
Juan Valdez
0.2%
Who did Jim Carrey play in...
Batman Forever?
Dr. Edward Nygma/The Riddler
88.5%
Bruce Wayne/Batman
1.8%
Dick Grayson/Robin
1.4%
Harvey Dent/Two-Face
4.5%
Who did Jim Carrey play in...
A Christmas Carol (2009)?
Ebenezer Scrooge/The Three Spirits
85%
Bob Cratchit/Jacob Marley
8.1%
Fred Holywell
1.2%
Mr. Fezziwig
2%
Who did Jim Carrey play in...
Mr. Popper's Penguins?
Thomas Popper, Jr.
84.1%
Mr. Franklin
4%
Mr. Reader
2.2%
Albert the Penguin
5.8%
Who did Jim Carrey play in...
The Mask?
Stanley Ipkiss
82.1%
Dorian Tyrell
1.7%
Charlie Schumaker
7%
Dr. Arthur Neuman
5.3%
Who did Jim Carrey play in...
Man on the Moon?
Andy Kaufman
79.1%
George Shapiro
5.5%
Bob Zmuda
4.3%
Jerry Lawler
6.6%
Who did Jim Carrey play in...
Horton Hears a Who!?
Horton the Elephant
78.2%
Mayor Ned McDodd
10.6%
Vlad Vladikoff
4.6%
Jojo
2.6%
Who did Jim Carrey play in...
Dumb and Dumber?
Lloyd Christmas
74.2%
Harry Dunne
18.6%
Joe 'Mental' Mentalino
3%
Nicholas Andre
0.7%
Who did Jim Carrey play in...
Me, Myself & Irene?
Charlie Baileygates and Hank Evans
73.1%
Lieutenant Gerke
13.5%
Jamal Baileygates
5.7%
Casper
3.4%
Who did Jim Carrey play in...
Liar Liar?
Fletcher Reede
72.6%
Judge Marshall Stevens
1.8%
Jerry
6.4%
Max Reede
15.3%
Who did Jim Carrey play in...
The Cable Guy?
Ernie 'Chip' Douglas
65.1%
Steven M. Kovacs
21.7%
Sam Sweet
7.3%
Medieval Times Host
1.6%
Who did Jim Carrey play in...
Kick-Ass 2?
Sal Bertolinni (Col. Stars and Stripes)
54.6%
Marty Eisenberg (Battle Guy)
14.5%
Chris D'Amico (The Red Mist)
12.8%
David Lizewski (Kick-Ass)
13.7%
Who did Jim Carrey play in...
Lemony Snicket's A Series of Unfortunate Events?
Count Olaf
47.1%
Klaus Baudelaire
2.9%
Lemony Snicket
44.2%
Mr. Poe
2.3%
Who did Jim Carrey play in...
The Number 23?
Walter Paul Sparrow/Detective Fingerling
40.2%
Robin Sparrow
21.1%
Isaac French/Dr. Miles Phoenix
27.3%
Father Sebastian
6.4%
Who did Jim Carrey play in...
Eternal Sunshine of the Spotless Mind?
Joel Barish
39.8%
Stan Fink
23.7%
Patrick
9.3%
Howard Mierzwiak
22.5%
Who did Jim Carrey play in...
The Majestic?
Peter Appleton
38.4%
Elvin Clyde
20.9%
Ernie Cole
23%
Congressman Doyle
12.8%
Who did Jim Carrey play in...
Yes Man?
Carl Allen
35.9%
Peter
8.3%
Nick Lane
24.4%
Norman Stokes
27%
Who did Jim Carrey play in...
I Love You Philip Morris?
Steven Jay Russell
15.8%
Philip Morris
59.2%
Jimmy
5.9%
Larry Birkheim
14.7%

You're not logged in!

Compare scores with friends on all Sporcle quizzes.
OR
Log In
Forgot?

From the Vault

Subcategory Multiple Choice: Music

by metakoopa99

This quizzes includes everything from The Beatles to Kpop.
Remove Ads.
Support Sporcle.
Get the best of Sporcle when you Go Orange. This ad-free experience offers more features, more stats, and more fun while also helping to support Sporcle. Thank you for becoming a member.

Show Comments

Extras

Top Quizzes Today


Score Distribution

Your Account Isn't Verified!

In order to create a playlist on Sporcle, you need to verify the email address you used during registration. Go to your Sporcle Settings to finish the process.

Report this User

Report this user for behavior that violates our Community Guidelines.

Details: